000 02408cam a22005054i 4500
003 PE-LiUPU
005 20250731173410.0
008 150706s2011 miu r 000 0 spa d
020 _a978082548136
035 _a(Sirsi) i978082548136
040 _aPE-LiUPU
_bspa
_cPE-LiUPU
_erda
049 _aPRUA
082 0 4 _a251
_bR95
_221
100 1 _aRummage, Stephen Nelson,
_d1968- ,
_eautor.
245 1 0 _aPlanifique su predicación :
_bcómo desarrollar un calendario de predicación por un año /
_cStephen Nelson Rummage.
264 1 _aMichigan :
_bPORTAVOZ,
_c2011.
300 _a221 páginas ;
_c22 centímetros
336 _atext
_2rdacontent
337 _aunmediated
_2rdamedia
338 _avolume
_2rdacarrier
505 0 _aRazones para planificar su predicación -- Determinar su estrategia de predicación. - La mecánica de la planificación -- Planificación de series expositivas -- Planificación para las ordenanzas -- Planificación para los días especiales -- Planificación para la predicación doctrinal -- Planificación para la predicación pastoral -- Aprender del plan antiguo -- El plan puesto en marcha.
526 _aSEG42
526 _aSEG41
526 _aSEG40
526 _aSEG39
526 _aP94
526 _aP87
526 _aP86
526 _aP85
526 _aP77
526 _aP76
526 _aP35
541 _g001-0000536;
541 _g001-0000583;
650 0 4 _aPredicación
_xPlanificación.
700 1 _aDíaz Pachón, Daniel Andres,
_etr.
910 _agl20110929
942 _2ddc
_cBOOK
949 _a251 R95
_wDEWEY
_c1
_i63734
_lCCODEBUL1
_mBUL
_p11.00
_r0
_sY
_tBOOK
_u2015-7-6
_xTEOLOGIA
_PP35
_o.STAFF. Colección Teología
949 _a251 R95
_wDEWEY
_c2
_i64913
_lCCODEBUL1
_mBUL
_p13.00
_r0
_sY
_tBOOK
_u2015-7-6
_xTEOLOGIA
_PP35
_o.STAFF. Colección Teología
994 _aC0
_bPEPRU
596 _a1
999 _a251 R95
_wDEWEY
_c52630
_i63734
_f2021-11-10
_g5
_lCCODEBUL1
_mBUL
_p11.00
_r0
_sY
_tBOOK
_u2015-7-6
_xTEOLOGIA
_PP35
_0COMPRA
_o.STAFF. Colección General
_d52630
999 _a251 R95
_wDEWEY
_c2
_i64913
_d2015-12-4
_e2015-12-3
_f2021-11-10
_g5
_lCCODEBUL1
_mBUL
_n1
_p13.00
_r0
_sY
_tBOOK
_u2015-7-6
_xTEOLOGIA
_PP35
_0COMPRA
_o.STAFF. Colección Teología
980 _81
_gALBERTO SANCHEZ Responsable de Automatización